00230nam a2200085Ia 4500001000800000005001700008008004100025245004900066260002900115125046620251031150856.0251031s9999 xx 000 0 und d 0cVİRGİNİA WOOLFaG-3 LONDRA MANZARALARI bKIRMIZI KEDİ YAYINLARI